Cowan and Steel's Manual for the Identification of Medical bacteria (Record no. 4200)

MARC details
000 -LEADER
fixed length control field 00995pam a2200289 a 4500
001 - CONTROL NUMBER
control field 2468070
003 - CONTROL NUMBER IDENTIFIER
control field OSt
005 - DATE AND TIME OF LATEST TRANSACTION
control field 20230301155128.0
008 - FIXED-LENGTH DATA ELEMENTS--GENERAL INFORMATION
fixed length control field 900725s1993 enka bf 001 0 eng c
010 ## - LIBRARY OF CONGRESS CONTROL NUMBER
LC control number 90002511
020 ## - INTERNATIONAL STANDARD BOOK NUMBER
International Standard Book Number 0521326117
040 ## - CATALOGING SOURCE
Original cataloging agency DNLM/DLC
Transcribing agency DLC
Modifying agency DLC
050 00 - LIBRARY OF CONGRESS CALL NUMBER
Classification number QR67.2
Item number .C68 1993
060 ## - NATIONAL LIBRARY OF MEDICINE CALL NUMBER
Classification number QW 15 C874
082 00 - DEWEY DECIMAL CLASSIFICATION NUMBER
Classification number QW4 C839b 2003
100 ## - MAIN ENTRY--PERSONAL NAME
Personal name Edited and rev. by Barrow, G.I.; Feltham, R.K.A.
9 (RLIN) 9549
245 00 - TITLE STATEMENT
Title Cowan and Steel's Manual for the Identification of Medical bacteria
250 ## - EDITION STATEMENT
Edition statement 3rd ed.
260 ## - PUBLICATION, DISTRIBUTION, ETC. (IMPRINT)
Place of publication, distribution, etc. Cambridge University Press, 2003
300 ## - PHYSICAL DESCRIPTION
Extent xix, 331 p. :
Other physical details ill. ;
Dimensions 26 cm.
504 ## - BIBLIOGRAPHY, ETC. NOTE
Bibliography, etc Includes bibliographical references, and index.
650 #0 - SUBJECT ADDED ENTRY--TOPICAL TERM
Topical term or geographic name as entry element Bacteriology
9 (RLIN) 9048
856 42 - ELECTRONIC LOCATION AND ACCESS
Materials specified Publisher description
Uniform Resource Identifier http://www.loc.gov/catdir/description/cam024/90002511.html
856 41 - ELECTRONIC LOCATION AND ACCESS
Materials specified Table of contents
Uniform Resource Identifier http://www.loc.gov/catdir/toc/cam027/90002511.html
906 ## - LOCAL DATA ELEMENT F, LDF (RLIN)
a 7
b cbc
c orignew
d 1
e ocip
f 19
g y-gencatlg
942 ## - ADDED ENTRY ELEMENTS (KOHA)
Source of classification or shelving scheme Other/Generic Classification Scheme
Koha item type Short Loan
Holdings
Withdrawn status Lost status Source of classification or shelving scheme Damaged status Not for loan Home library Current library Date acquired Source of acquisition Inventory number Total Checkouts Full call number Barcode Date last seen Koha item type Date last checked out
    Other/Generic Classification Scheme     MUST Main Library MUST Main Library 27/05/2016   08/30363   QW 4 C839b 2003 2016-2192 27/05/2016 Open Shelf  
    Other/Generic Classification Scheme     MUST Main Library MUST Main Library 30/05/2016   08/30360   QW 4 C839b 2003 2016-2242 30/05/2016 Open Shelf  
    Other/Generic Classification Scheme     MUST Main Library MUST Main Library 30/05/2016   13/37109   QW 4 C839b 2003 2016-2243 30/05/2016 Open Shelf  
    Other/Generic Classification Scheme     MUST Main Library MUST Main Library 30/05/2016   13/37110   QW 4 C839b 2003 2016-2244 30/05/2016 Open Shelf  
    Other/Generic Classification Scheme     MUST Main Library MUST Main Library 21/06/2016   08/30359   QW 4 C839b 2003 2016-2604 21/06/2016 Open Shelf  
    Other/Generic Classification Scheme     MUST Main Library MUST Main Library 22/07/2016 Purchase 12/36864 1 QW 4 C839b 2003 2016-3381 07/10/2021 Open Shelf 22/03/2021